La prudencia en Aristóteles.

Salvato in:
Dettagli Bibliografici
Autore principale: Aubenque, Pierre (autor)
Altri autori: Belloro, Lucía Ana (traductora), Costa, Ivana (prólogo)
Natura: Sconosciuto
Lingua:inglese
Pubblicazione: Barcelona, España: Las Cuarenta, 2010
Serie:Colección Mitma
Soggetti:
Tags: Aggiungi Tag
Nessun Tag, puoi essere il primo ad aggiungerne!!

MARC

LEADER 00000 a2200000 4500
003 CL-VaPUC
005 20241127085258.0
008 220401b2010 ||||| |||| 00| 0 eng d
999 |c 434086  |d 434084 
020 |a 978-9871501212 
040 |c Pontificia Universidad Católica de Valparaíso 
082 7 |a 185 AUB 2010  |2 22 
100 |a Aubenque, Pierre  |9 316913  |e autor 
245 1 3 |a La prudencia en Aristóteles. 
260 |a Barcelona, España:  |b Las Cuarenta,   |c 2010 
300 |a 304 páginas  
490 |a Colección Mitma 
583 |k Cristina María Rojas Aguilar  |c 20220401 
600 0 |a Aristóteles,  |d 384 a.C.- 322 a.C.  |9 194 
650 0 |a Filosofía aristotélica  |9 255705 
650 0 |a Ética  |9 255099 
700 |a Belloro, Lucía Ana   |9 861016  |e traductora 
700 |a Costa, Ivana  |e prólogo  |9 867907 
942 |2 ddc  |c BK 
952 |0 0  |1 0  |2 ddc  |4 0  |6 185_000000000000000_AUB_2010  |7 0  |8 A  |9 582362  |a BIBEDU  |b BIBEDU  |c GEN  |d 2022-03-31  |e 74  |g 32557.00  |i 5650526  |l 3  |o 185 AUB 2010  |p 5650526  |r 2023-04-25  |s 2023-04-19  |t 1  |v 32557.00  |w 2022-03-31  |y BK  |k FIL